Communicating with adolescents on HIV/AIDS in East and Southern Africa / (Record no. 12975)

MARC details
000 -LEADER
fixed length control field 00685nam a22002172 4500
001 - CONTROL NUMBER
control field 0000005720
005 - DATE AND TIME OF LATEST TRANSACTION
control field 20151217155827.0
008 - FIXED-LENGTH DATA ELEMENTS--GENERAL INFORMATION
fixed length control field 070702s xx 000 0 eng d
040 ## - CATALOGING SOURCE
Original cataloging agency KABU
Transcribing agency KABU
050 #0 - LIBRARY OF CONGRESS CALL NUMBER
Classification number RA644
Item number .A25N38
100 1# - MAIN ENTRY--PERSONAL NAME
Personal name Nduati, Ruth.
-- 0000156919
245 10 - TITLE STATEMENT
Title Communicating with adolescents on HIV/AIDS in East and Southern Africa /
Statement of responsibility, etc. by Ruth Nduati, Wambui Kiai.
260 ## - PUBLICATION, DISTRIBUTION, ETC. (IMPRINT)
Place of publication, distribution, etc. Nairobi :
Name of publisher, distributor, etc. Regal Press,
Date of publication, distribution, etc. 1996.
300 ## - PHYSICAL DESCRIPTION
Extent 234 p.
650 #0 - SUBJECT ADDED ENTRY--TOPICAL TERM
Topical term or geographic name as entry element HIV infections.
-- 0000156920
650 #0 - SUBJECT ADDED ENTRY--TOPICAL TERM
Topical term or geographic name as entry element AIDS (Disease)
-- 0000148458
700 1# - ADDED ENTRY--PERSONAL NAME
Personal name Kiai, Wambui.
-- 0000156921
908 ## - PUT COMMAND PARAMETER (RLIN)
Put command parameter 070702
950 ## - LOCAL HOLDINGS (RLIN)
-- 1
Holdings
Withdrawn status Lost status Source of classification or shelving scheme Not for loan Home library Current library Date acquired Total Checkouts Full call number Barcode Date last seen Price effective from Koha item type
    Library of Congress Classification   Kabarak, Main Campus Kabarak, Main Campus 17/12/2015   RA644 .A25N38 010446 17/12/2015 17/12/2015 Africana Collection
Designed with assistance from East African Informatics Ltd